Most-Produced Firearms of All Time #2 - Statistics

General Stats
  • This quiz has been taken 72 times
  • The average score is 6 of 20
Answer Stats
Picture Answer % Correct
Luger Parabellum
82%
Shpagin PPSh-41
75%
Colt M1911
68%
Beretta 92
60%
Browning M2
57%
Walther PP/PPK
55%
STEN gun
50%
Browning Auto-5
32%
Springfield M1903
32%
'Brown Bess' Land Pattern Musket
30%
Carcano Modello 1891
20%
Ruger 10/22
15%
Ruger Standard
13%
Mannlicher M1895
10%
Ruger Single Six
10%
Smith & Wesson Model 10
7%
Remington Model 1100
5%
Berdan M1870
3%
Marlin Model 336
3%
Lebel Model 1886
2%
No matching quizzes found
Score Distribution
Percent of People with Each Score
Percentile by Number Answered
Your Score History
You have not taken this quiz